| 000 | 00376nam a2200145Ia 4500 | ||
|---|---|---|---|
| 008 | 240624s9999 xx 000 0 und d | ||
| 041 | _aeng | ||
| 082 | _a155.2 FRI | ||
| 100 | _aFRIEDMAN HOWARD S | ||
| 245 | _aPERSONALITY CLASSIC THEORIES AND MODERN | ||
| 250 | _a(2nd ed.) | ||
| 260 |
_c2004 _aDelhi _bPearson Education |
||
| 300 | _axiii, : 584 : p. : cm. ; 24 | ||
| 365 | _cRS | ||
| 999 |
_c877 _d877 |
||